000 00595nam a2200217 i 4500
001 bg
100 1 _aJEŻ, Jan
245 1 0 _aGruntoznawstwo budowlane /
_cJan Jeż.
260 _aPoznań :
_bWydaw. Politechniki Poznańskiej,
_c2004.
300 _a217 s. :
_bmapy, rys., tab., wykr. ;
_c24 cm.
504 _aBibliogr. s. 216-217.
650 9 _aGeologia inżynierska
655 _aPodręczniki akademickie
020 _a8371435495
040 _cBPK
041 0 _apol
080 _a624.131(075.8)
920 _a83-7143-549-5
942 _cKS
008 s pl f |000 0 pol
999 _c44552
_d44552
856 _uhttp://koha.tu.koszalin.pl/cgi-bin/koha/opac-detail.pl?biblionumber=44552
_yKatalog online BPK